Principles of corporate finance / (Record no. 13659)

000 -LEADER
fixed length control field 00934cam a2200313 a 4500
020 ## - INTERNATIONAL STANDARD BOOK NUMBER
ISBN 0072909994 (student ed.)
020 ## - INTERNATIONAL STANDARD BOOK NUMBER
ISBN 9780072909999 (student ed.)
020 ## - INTERNATIONAL STANDARD BOOK NUMBER
ISBN 0072346612 (CDROM)
020 ## - INTERNATIONAL STANDARD BOOK NUMBER
ISBN 9780072346619 (CDROM)
020 ## - INTERNATIONAL STANDARD BOOK NUMBER
ISBN 0072352361 (bk. bound with CDROM)
020 ## - INTERNATIONAL STANDARD BOOK NUMBER
ISBN 9780072352368 (bk. bound with CDROM)
020 ## - INTERNATIONAL STANDARD BOOK NUMBER
ISBN 0071179011
020 ## - INTERNATIONAL STANDARD BOOK NUMBER
ISBN 9780071179010
020 ## - INTERNATIONAL STANDARD BOOK NUMBER
ISBN 0077095650
020 ## - INTERNATIONAL STANDARD BOOK NUMBER
ISBN 9780077095659
020 ## - INTERNATIONAL STANDARD BOOK NUMBER
ISBN 0077098439
020 ## - INTERNATIONAL STANDARD BOOK NUMBER
ISBN 9780077098438
040 ## - CATALOGING SOURCE
Transcribing agency DLC
082 ## - DEWEY DECIMAL CLASSIFICATION NUMBER
Classification number 658 IRW 2000 A046 Or.
100 1# - MAIN ENTRY--AUTHOR NAME
Personal name Brealey, Richard A.
245 10 - TITLE STATEMENT
Title Principles of corporate finance /
250 ## - EDITION STATEMENT
Edition statement 6th ed.
260 ## - PUBLICATION, DISTRIBUTION, ETC. (IMPRINT)
Place of publication Boston :
Name of publisher Irwin/McGraw-Hill,
Year of publication c2000.
300 ## - PHYSICAL DESCRIPTION
Number of Pages xxvi, 1093 p. :
Other physical details ill. (some col.) ;
Dimensions 26 cm.
490 1# - SERIES STATEMENT
Series statement The Irwin/McGraw-Hill series in finance, insurance, and real estate
650 #0 - SUBJECT ADDED ENTRY--TOPICAL TERM
Topical Term Corporations
700 1# - ADDED ENTRY--PERSONAL NAME
Personal name Myers, Stewart C.
942 ## - ADDED ENTRY ELEMENTS (KOHA)
Koha item type សៀវភៅភាសាអង់គ្លេស
952 ## - LOCATION AND ITEM INFORMATION (KOHA)
Withdrawn status [LOCAL, KOHA] 0
Holdings
Permanent Location Date acquired Koha item type Lost status Shelving location Barcode Current Location Full call number
Library Block A2017-08-29សៀវភៅភាសាអង់គ្លេស A046A21138Library Block A658 IRW 2000 A046 Or.
មជ្ឈមណ្ឌលឯការនៃសាកលវិទ្យាល័យភូមិន្ទកសិកម្មចំការដូង

Powered by Koha